000
00262nam a22001097a 4500
082
_a
320/SUB
100
_a
Subramaniam,N
_9
81388
245
_a
Indian Government And Politics
260
_a
Delhi
_b
N.K.Pub.
_c
2019
650
_a
Pilitical Science
_9
38408
942
_c
BK
999
_c
65392
_d
65392